000 00358nam a2200133Ia 4500
008 230503s9999 xx 000 0 und d
082 _a915.42
_bINDU
100 _aINDIA,Uttaranchal tourism
245 0 _aUttaranchal : Always enchanting
260 _aUttaranchal
_bUttaranchal Tourism ,India
_c2002
300 _a95
650 _aIndian Geography
942 _cBK
999 _c2598
_d2598